The Corporate Culture in the Construction Enterprises

Enregistré dans:
Détails bibliographiques
Auteur principal: BUABBAS, Bassam S.N.H.M., 1979- (Auteur)
Autres auteurs: Jankovichová, Eva, 1956- (Directeur de thèse)
Format: Manuscrit Livre
Langue:anglais
Publié: Bratislava : STU v Bratislave SvF, 2010
Sujets:
Accès en ligne:VAIS
Tags: Ajouter un tag
Pas de tags, Soyez le premier à ajouter un tag!

MARC

LEADER 00000ntm a22000003a 4500
001 stu216969
005 20160721135522.2
008 101117s2010----xo------------------eng-d
040 |a STU  |b slo 
041 0 |a eng 
044 |a xo 
100 1 |a BUABBAS, Bassam S.N.H.M.,  |d 1979-  |4 aut  |X 60848  |7 A000060848 
242 0 0 |a Podniková kultúra stavebných firiem  |y slo 
245 1 |a The Corporate Culture in the Construction Enterprises 
260 |a Bratislava :  |b STU v Bratislave SvF,  |c 2010 
650 7 |a stavebné inžinierstvo  |2 stusub 
650 7 |a Civil Engineering  |2 estusub 
650 7 |a podnikateľská etika  |2 stusub 
650 7 |a etický kódex  |2 stusub 
700 1 |a Jankovichová, Eva,  |d 1956-  |4 ths  |u V270  |U SvF Stavebná fakulta  |T SvF Katedra technológie stavieb  |X 647  |U V270  |Y 28  |7 A000000647 
856 4 |a info a plný text  |u http://is.stuba.sk/zp/portal_zp.pl?podrobnosti=64528  |3 VAIS